El Estado de la Educación Pública: discurso Pronunciado por el Presidente Carazo en el Diálogo Nacional Sobre Educación el 31 de enero de 1980

Zapisane w:
Opis bibliograficzny
1. autor: Carazo Odio, Rodrigo
Format: Texto
Wydane: San José: Imprenta Nacional
Etykiety: Dodaj etykietę
Nie ma etykietki, Dołącz pierwszą etykiete!

MARC

LEADER 00000 a a2200000 04500
001 25418
003
040
090 |a 181900  
100 |a Carazo Odio, Rodrigo  
245 |a El Estado de la Educación Pública: discurso Pronunciado por el Presidente Carazo en el Diálogo Nacional Sobre Educación el 31 de enero de 1980  
260 |a San José:   |b Imprenta Nacional  
300 |a 8 p  
999 |c 1368  |d 1368